| 000 | 01228ngm a22003610a 4500 | ||
|---|---|---|---|
| 001 | PT39898 | ||
| 003 | AR-LpoUNG | ||
| 005 | 20210201235846.0 | ||
| 007 | vd cvaizq | ||
| 008 | 191001s2001||||ag |||||||||||||||||spa d | ||
| 037 | _c$16,25 | ||
| 040 |
_aAR-LpoUNG _bspa _cAR-LpoUNG _eaacr |
||
| 041 |
_aspa _aeng _apor _afre |
||
| 044 | _aag | ||
| 082 | 0 | _a302.5 454lib | |
| 100 | 1 |
_aAlonso, Lisandro _edir. |
|
| 245 | 1 | 3 | _aLa libertad |
| 250 | _a1§ edición | ||
| 260 |
_aBuenos Aires : _bMalba, _c2001. |
||
| 300 | _aDVD (73 min.) : son., col. | ||
| 505 | 0 | _aSubtítulos en inglés, portugués, francés y español. - Elenco: :Misael Saavedra, Humberto Estrada, Rafael Estrada | |
| 520 | _aMisael vive en la inmensidad del monte pampeano trabajando con su hacha. Sobrevive sólo con lo indispensable y casi sin contacto con otras personas. Vemos su vida minuto a minuto intentando descubrir a través de pequeños movimientos o acciones su manera de estar en el mundo. | ||
| 650 | 4 | _aARGENTINA | |
| 650 | 4 | _aMEDIO AMBIENTE | |
| 650 | 4 | _aRELACIONES HUMANAS | |
| 651 | 4 | _aArgentina | |
| 653 | _aCINE ARGENTINO | ||
| 653 | _aDVD | ||
| 653 | _aMALBA | ||
| 653 | _aVIDEOS | ||
| 905 | _a39898 | ||
| 942 | _cDVD | ||
| 999 |
_c53621 _d53621 |
||